Campeones de Wimbledon - Estadísticas

Estadísticas generales
  • Esta prueba ha sido intentada 72 veces
    7 desde el último reinicio
  • La puntuación promedio es 37 de 138
Estadísticas de respuestas
Año Vencedor % Correcto
2023 | 2024 Carlos Alcaraz
100%
2011 | 2014 | 2015 | +4 others Novak Djokovic
100%
2008 | 2010 Rafael Nadal
100%
2003 | 2004 | 2005 | +5 others Roger Federer
100%
2025 Jannik Sinner
86%
1976 | 1977 | 1978 | +2 others Björn Borg
71%
1992 Andre Agassi
57%
2013 | 2016 Andy Murray
57%
1981 | 1983 | 1984 John McEnroe
57%
1993 | 1994 | 1995 | +4 others Pete Sampras
57%
1961 | 1962 | 1968 | 1969 Rod Laver
57%
1985 | 1986 | 1989 Boris Becker
43%
1974 | 1982 Jimmy Connors
43%
2002 Lleyton Hewitt
43%
2001 Goran Ivanišević
29%
1975 Arthur Ashe
14%
1966 Manuel Santana
14%
1925 | 1928 René Lacoste
14%
1959 Alex Olmedo
0%
1910 | 1911 | 1912 | 1913 Anthony Wilding
0%
1901 | 1908 | 1909 Arthur Gore
0%
1958 Ashley Cooper
0%
1923 Bill Johnston
0%
1920 | 1921 | 1930 Bill Tilden
0%
1939 Bobby Riggs
0%
1948 Bob Falkenburg
0%
1950 Budge Patty
0%
1963 Chuck McKinley
0%
1951 Dick Savitt
0%
1937 | 1938 Don Budge
0%
1932 Ellsworth Vines
0%
1888 Ernest Renshaw
0%
1878 Frank Hadlow
0%
1952 Frank Sedgman
0%
1934 | 1935 | 1936 Fred Perry
0%
1919 | 1922 Gerald Patterson
0%
1896 Harold Mahoney
0%
1927 | 1929 Henri Cochet
0%
1887 Herbert Lawford
0%
1933 Jack Crawford
0%
1947 Jack Kramer
0%
1973 Jan Kodeš
0%
1954 Jaroslav Drobný
0%
1924 | 1926 Jean Borotra
0%
1879 | 1880 John Hartley
0%
1967 | 1970 | 1971 John Newcombe
0%
1893 | 1894 Joshua Pim
0%
1902 | 1903 | 1904 | +2 others Lawrence Doherty
0%
1956 | 1957 Lew Hoad
0%
1991 Michael Stich
0%
1960 Neale Fraser
0%
1907 | 1914 Norman Brookes
0%
1987 Pat Cash
0%
1897 | 1898 | 1899 | 1900 Reginald Doherty
0%
1996 Richard Krajicek
0%
1964 | 1965 Roy Emerson
0%
1931 Sidney Wood
0%
1877 Spencer Gore
0%
1972 Stan Smith
0%
1988 | 1990 Stefan Edberg
0%
1949 Ted Schroeder
0%
1955 Tony Trabert
0%
1953 Vic Seixas
0%
1891 | 1892 | 1895 Wilfred Baddeley
0%
1881 | 1882 | 1883 | +4 others William Renshaw
0%
1890 Willoughby Hamilton
0%
1946 Yvon Petra
0%
No se encontraron pruebas coincidentes
Distribución de puntuación
Porcentaje de gente con cada puntuación
Porcentaje por número respondido
Historial de tus puntuaciones
No has intentado esta prueba desde el último reinicio